| 000 | 00844nam a2200229 a 4500 | ||
|---|---|---|---|
| 001 | 47437 | ||
| 003 | BD-RjUL | ||
| 005 | 20211209054319.0 | ||
| 008 | 160808s2000 bg |||| ||| 000 0 ben d | ||
| 020 | _a9840502212 | ||
| 035 | _a(BD-RjUL)47556 | ||
| 040 |
_aBD-RjUL _bben _cBD-RjUL _dBD-RjUL |
||
| 041 | _aben | ||
| 082 |
_223 _a335.09 _bGUS 2000 |
||
| 100 | 1 | 0 |
_aগুপ্ত, সন্তোস _9124491 |
| 245 | 1 | 0 |
_aসমাজতন্ত্রের অন্য ইতিহাস / _c সন্তোষ গুপ্ত |
| 260 |
_aঢাকা : _bইনিভার্সিটি প্রেস লিমিটেড, _c২০০০ |
||
| 300 |
_axi, ২০০ পৃ. ; _c২০ সেমি. |
||
| 650 |
_aসমাজতন্ত্র _xইতিহাস _9144264 |
||
| 650 |
_aSocoalism _xHistory _9127984 |
||
| 942 |
_2ddc _cBK |
||
| 999 |
_c47437 _d47437 |
||